000 01202nam0a2200301 4500
001 RU\NLR\BIBL_A\010808286
005 20260406140844.0
010 _a978-5-17-090712-0
_93000
021 _aRU
_b15-44425
035 _a(NILC)RuMoRGB-007954901
035 _a(NLR Aleph) 010808286
090 _a10192390
_c10192390
100 _a20150724d2015 |||y0rusy50 ca
101 1 _arus
_ceng
102 _aRU
105 _aa|||z|||000ay
200 1 _aЭтюд в багровых тонах
_eповесть о Шерлоке Холмсе
_fАртур Конан Дойл
_g[пер. с англ. Александры Глебовской и Сергея Степанова]
_gил. Грис Гримли
210 _aМосква
_cАСТ
_d2015
215 _a281, [6] с., [8] л. цв. ил.
_cил.
_d22
333 _a16+
686 1 _aШ6(4Вл)57-446{Лх1297-60}
700 1 _7ca
_8rus
_aДойл
_bА. К.
_f1859-1930
_gАртур Конан
_9113265
_3RU\NLR\AUTH\773259
702 1 _4440
_7ca
_8rus
_aГримли
_bГ.
_f1975-
_gГрис
_9215365
_3RU\NLR\AUTH\770215421
801 0 _aRU
_bРГБ
_c20150616
_gRCR
942 _cBOOK
980 _aNB